|
|
|
|
| LEADER |
00000nab a2200000 a 4500 |
| 001 |
vtls000123676 |
| 003 |
SK-MaSNL |
| 005 |
20260304061608.0 |
| 008 |
250422c1982 xo 0 slo |
| 015 |
|
|
|a SNBRB19rr/mm-uuuuu
|
| 035 |
|
|
|a CL0133781
|
| 035 |
|
|
|a urn:nbn:sk:snk-ab2uea
|
| 035 |
|
|
|a (urnnbn)urn:nbn:sk:snk:ar-a02ygv
|
| 035 |
|
|
|a (uuid)c98637cc-cdf8-49b8-8812-4169f02aff5a
|
| 040 |
|
|
|a SNKBUCL
|b slo
|c SNKBUCL
|e AACR2
|
| 041 |
0 |
|
|a slo
|
| 044 |
|
|
|a xo
|c SK
|
| 080 |
|
|
|a 342.9
|2 1981
|
| 100 |
1 |
|
|a Hutta, Vladimír
|4 aut
|9 270590
|
| 245 |
1 |
0 |
|a Zdeněk Lukeš a kol.: Československé správní právo. Obecná část
|c Vladimír Hutta ; Zdeněk Lukeš
|
| 650 |
0 |
7 |
|a správne právo
|2 SNKPH
|9 2266
|
| 655 |
|
7 |
|a články z novín a časopisov
|2 SNK
|9 267496
|
| 700 |
1 |
|
|a Lukeš, Zdeněk,
|d 1910-1991
|4 aut
|9 201839
|
| 773 |
0 |
|
|t Právny obzor
|g Roč. 65, č. 4 (1982), s. 372-374
|
| 787 |
0 |
8 |
|i Rec.:
|a Lukeš, Zdeněk a kol.
|t Československé správní právo. Obecná část
|d Praha : Panorama, 1981
|
| 850 |
|
|
|a Slovenská národná knižnica
|
| 852 |
|
|
|a Slovenská národná knižnica
|
| 954 |
|
|
|a odborná, vedecká literatúra pôvodná (slovenská)
|2 lita
|
| 958 |
|
|
|a article27
|
| 958 |
|
|
|a RK
|
| 958 |
|
|
|a OND
|
| 958 |
|
|
|a EUIPO
|
| 992 |
|
|
|a RBX
|
| 999 |
|
|
|c 2733903
|d 2735833
|